Respuestas educativas a la diversidad cultural: una visión desde la perspectiva de la cultura de paz. Discurso de apertura Universidad de Granada curso académico 2018-2019

Shranjeno v:
Bibliografske podrobnosti
Glavni avtor: Sánchez Fernández, Sebastián (Author)
Format: Knjiga
Jezik:španščina
Izdano: Granada Universidad de Granada 2018
Izdaja:1a. ed
Teme:
Oznake: Označite
Brez oznak, prvi označite!

MARC

LEADER 00000cam a2200000 a 4500
001 UCC5962
003 CL-VaPUC
008 181109e20180000sp |||||||||||||||||spa|d
082 0 4 |a 302.23  |b SAN  |2 21 
100 0 |a Sánchez Fernández, Sebastián  |e author  |9 600418 
245 1 0 |a Respuestas educativas a la diversidad cultural: una visión desde la perspectiva de la cultura de paz. Discurso de apertura Universidad de Granada curso académico 2018-2019 
250 |a 1a. ed 
300 |a 78 p 
942 |c BK 
945 |d 20181109 15:19:00  |a dcastane 
260 |a Granada  |b Universidad de Granada  |c 2018 
650 0 |a Comunicación política  |9 389711 
650 0 |a Diversidad cultural  |9 473079 
650 0 |a Globalización  |9 361930 
650 0 |a Discursos académicos   |9 472395 
583 |a last modification  |c 20181109 15:19:00  |k Rodrigo Vera 
999 |c 373065  |d 373063 
952 |0 0  |1 0  |3 erb  |4 0  |6 302_230000000000000_SAN_2018  |7 0  |8 A  |9 490987  |a BIBEDU  |b BIBEDU  |i 5513545  |o 302.23 SAN 2018  |p 5513545  |r 2019-11-24  |w 2019-11-24  |y BK  |z Catalogado en:20181109  |k EDI 
952 |0 0  |1 0  |3 erb  |4 0  |6 302_230000000000000_SAN_2018  |7 0  |8 A  |9 490988  |a BIBEDU  |b BIBEDU  |i 5513537  |o 302.23 SAN 2018  |p 5513537  |r 2019-11-24  |w 2019-11-24  |y BK  |z Catalogado en:20181109  |k EDI